000
00335nam a2200121 a 4500
005
20140414093833.0
008
970109s19uu xx 00 eng d
050
_a
VHS 200
_b
OR 19 V. 1
245
_a
Saints for Kids /
_c
Francis of Assisi, Elizabeth & Zechariah, Martin of Tours.
440
_a
Vol. 1
942
_c
AVM
999
_c
108864
_d
108864